5HLuxD.jpg

KING HENRY VIII SENIOR AND PRIMARY SCHOOL LIBRARY OPAC

LESSER SPOTTED ANIMALS (Record no. 4953)

000 -LEADER
fixed length control field 00334nam a22001217a 4500
008 - FIXED-LENGTH DATA ELEMENTS--GENERAL INFORMATION
fixed length control field 250428b ||||| |||| 00| 0 eng d
020 ## - INTERNATIONAL STANDARD BOOK NUMBER
International Standard Book Number 9781910200537
082 ## - DEWEY DECIMAL CLASSIFICATION NUMBER
Classification number 590 BRO
100 ## - MAIN ENTRY--PERSONAL NAME
Personal name BROWN,MARTIN
Relator term AUTHOR
245 ## - TITLE STATEMENT
Title LESSER SPOTTED ANIMALS
260 ## - PUBLICATION, DISTRIBUTION, ETC.
Place of publication, distribution, etc. 31 BEAUMONT STREET,OXFORD,OX1 2NP
Name of publisher, distributor, etc. DAVID FICKLING BOOKS
Date of publication, distribution, etc. 2016
942 ## - ADDED ENTRY ELEMENTS (KOHA)
Source of classification or shelving scheme
Holdings
Withdrawn status Lost status Source of classification or shelving scheme Damaged status Not for loan Collection code Permanent Location Current Location Shelving location Date acquired Full call number Barcode Date last seen Price effective from Koha item type Public note
          Fiction KH8 Primary School Library KH8 Primary School Library Fiction 2025-04-28 590 BRO KHPL000006901 2025-12-05 2025-04-28 Books - Fiction KH8 PRIMARY LIBRARY

Powered By KH8 IT Dept